| 000 | 00598nam a22002057a 4500 | ||
|---|---|---|---|
| 999 |
_c7885 _d7885 |
||
| 003 | OSt | ||
| 005 | 20220426094711.0 | ||
| 008 | 220426b ||||| |||| 00| 0 eng d | ||
| 020 | _a9780071287142 | ||
| 040 | _cDDC | ||
| 082 | _a658.7 SIM ,2008 | ||
| 100 |
_aSIMCHI LEVI _916021 |
||
| 245 | _aDESIGNING AND MANAGING THE SUPPLY CHAIN: CONCEPTS,STRATEGIES AND CASE STUDIES | ||
| 250 | _a13TH ED | ||
| 260 |
_aBOSTON; _bMC GRAW HILL; _c2008 |
||
| 300 |
_aXXVIII,498P. _bILL COL; _c25CM |
||
| 504 | _aINCLUDES APPENDIX AND INDEX | ||
| 650 |
_aDESIGNING MANAGEMENT SUPPLY _916022 |
||
| 942 |
_2ddc _cBOOK |
||